Textiles y vestido, Asia se consolida y AL apuesta por asegurar preferencias

Guardat en:
Dades bibliogràfiques
Format: Text
Etiquetes: Afegir etiqueta
Sense etiquetes, Sigues el primer a etiquetar aquest registre!

MARC

LEADER 00000 a a2200000 04500
001 13102
003
040
245 |a Textiles y vestido, Asia se consolida y AL apuesta por asegurar preferencias 
773 |g volumen 7, número 2; páginas 4-6  
999 |c 27351  |d 27351